000 01388nam a2200361 c 4500
999 _c205021
_d205021
003 BLK
005 20250606121958.0
008 180411b bul|||||r ||||||| ||bul||
010 _aKNG00214600000
020 _a9789546607317
040 _aBLK
041 _aBUL
_cBUL
072 7 _2bullib
_aН83
_xЧужда художествена литература Н
080 _aАмериканска литература (на САЩ)
_b821.111(73)
_x-31
_z821.111(73)-31
100 1 _aСейлс, Лейла
_eпърви автор
_9119432
139 _aСейлс, Лейла
_bС 30
245 1 0 _aТази песен ще спаси живота ти
_cЛейла Сейлс; прев. от англ. Елка Йорданова Виденова.
257 _aUSA
260 _aСофия
_bПАН
_c2016
_fСофия : Инвестпрес
300 _a288 с.
_c20 см
380 _aX
490 _aМега исТИЙНско
_9208410
500 _aОриг. загл.: This song will save your life / Leila Sales
659 _aН
700 1 _aВиденова, Елка Йорданова
_eпрев. от англ.
_9370686
852 _aЦб 288351
856 4 _qpdf
856 4 _qpdf
942 _cKNG
_n0
_s1
_015
944 _aCR
_c23.11.2017
_k30531
_lЦветелина Шанова
944 _aED
_c23.01.2018
_kГрета_Цуфелде
999 _d205021